Fiscal reform over ten years of transition

Salvato in:
Dettagli Bibliografici
Autore principale: Tanzi, Vito
Altri autori: Tsibouris, George
Natura: Libro
Lingua:inglese
Pubblicazione: Washington International Monetary Fund 2000
Serie:IMF Working Paper WP/00/113
Soggetti:
Tags: Aggiungi Tag
Nessun Tag, puoi essere il primo ad aggiungerne!!

MARC

LEADER 00000nam a2200000 4500
001 c124312
005 20221221082405.8
041 0 |a eng 
044 |a US 
245 1 0 |a Fiscal reform over ten years of transition  |c Vito Tanzi and George Tsibouris 
264 1 |a Washington  |b International Monetary Fund  |c 2000 
300 |a 31 s. 
490 1 |a IMF Working Paper  |v WP/00/113 
830 0 |a IMF Working Paper  |v WP/00/113 
610 2 0 |a politika fiškálna 
610 2 0 |a reformy hospodárske 
610 2 0 |a transformácia 
610 2 0 |a 1990-2000 
610 2 0 |a SVE 
100 1 |a Tanzi, Vito 
700 1 |a Tsibouris, George